Rozhodovanie o vecných investíciách

Faktory ovplyvňujúce investičné rozhodovanie manažérov. Riziko dlhodobého rozhodovania.

Salvato in:
Dettagli Bibliografici
Autore principale: Čunderlík, Dušan
Natura: Capitolo di libro
Lingua:slovacco
Soggetti:
Tags: Aggiungi Tag
Nessun Tag, puoi essere il primo ad aggiungerne!!

MARC

LEADER 00000naa a2200000 4500
001 r025529
005 20230824085351.1
041 0 |a slo 
044 |a SK 
245 1 0 |a Rozhodovanie o vecných investíciách  |c D. Čunderlík 
520 |a Faktory ovplyvňujúce investičné rozhodovanie manažérov. Riziko dlhodobého rozhodovania. 
610 2 0 |a investície 
610 2 0 |a rozhodovanie 
610 2 0 |a podnik 
610 2 0 |a manažéri 
610 2 0 |a riziko 
100 1 |a Čunderlík, Dušan